| 000 | 00485nam a22001817a 4500 | ||
|---|---|---|---|
| 005 | 20230110133033.0 | ||
| 008 | 221220b |||||||| |||| 00| 0 eng d | ||
| 020 | _a978-93-87085-97-8 | ||
| 041 | _aeng | ||
| 082 | _a61531 MOH-T | ||
| 100 |
_aMOHANTA , GURU PRASAD _95244 |
||
| 245 | _aTEXTBOOK OF FORENSIC PHARMACY | ||
| 250 | _a2nd ed. | ||
| 260 |
_aNEW DELHI _bCBS PUBLISHERS & DISTRIBUTORS _c2023 |
||
| 300 | _a267;P. | ||
| 650 |
_aPHARMACY _xD.PHARMA _97090 |
||
| 942 | _cBK | ||
| 999 |
_c8164 _d8162 |
||